| 000 | 00409nam a2200157Ia 4500 | ||
|---|---|---|---|
| 008 | 221030s9999 xx 000 0 und d | ||
| 020 | _a8120316800 | ||
| 041 | _aEnglish | ||
| 082 |
_a105.23 _bKar |
||
| 100 | _aS. V. Kartalpopular | ||
| 245 | 0 |
_aUnderstanding Neural Networks & Fuzzy Logic _cby S. V. Kartalpopular |
|
| 260 |
_bPHI _aNew Delhi _c1999 |
||
| 300 | _a205 | ||
| 650 | _aBE Computer | ||
| 942 | _cBK | ||
| 999 |
_c8638 _d8638 |
||